000 00318nam a2200133Ia 4500
008 100328s9999 xx 000 0 und d
082 _b2578
100 _aSitaramayya Pattabhi
245 _aFeathers & Stones
260 _bPadma Pub.
630 _aFeathers & Stones
730 _aFeathers & Stones
942 _cBOOK
999 _c498789
_d498786